Estadísticas para Países en islas

Haz click aquí para tomar la prueba!

Estadísticas generales

  • Esta prueba ha sido tomada 9.884 veces
  • La puntuación promedio es 37 de 47

Estadísticas de respuestas

ÁreaPaís% Correcto
270,467Nueva Zelanda
95%
109,884Cuba
95%
377,930Japón
93%
587,041Madagascar
93%
1,904,569Indonesia
91%
27,750Haití
91%
242,900Reino Unido
89%
103,000Islandia
89%
48,671República Dominicana
89%
103,000Irlanda
87%
316Malta
86%
10,991Jamaica
86%
9,251Chipre
85%
342,353Filipinas
84%
13,943Bahamas
83%
4,033Cabo Verde
83%
65,610Sri Lanka
83%
5,130Trinidad y Tobago
81%
18,272Fiyi
81%
452Seychelles
81%
181Islas Marshall
80%
28,896Islas Salomón
80%
616Santa Lucía
80%
430Barbados
79%
462,840Papua Nueva Guinea
79%
300Maldivas
79%
702Estados Federados
de Micronesia
79%
389San Vicente y las
Granadinas
77%
751Dominica
77%
36,193Taiwán
77%
344Granada
76%
26Tuvalu
76%
442Antigua y Barbuda
76%
2,040Mauricio
76%
965Santo Tomé y Príncipe
75%
261San Cristóbal y Nieves
75%
2,842Samoa
74%
12,189Vanuatu
74%
21Nauru
73%
747Tonga
72%
811Kiribati
72%
1,862Comoras
71%
459Palaos
66%
710Singapur
60%
14,874Timor Oriental
60%
5,765Brunéi
57%
765Baréin
40%

Distribución de puntuación

Porcentaje por número respondido

Porcentaje de gente con cada puntuación

Historial de tus puntuaciones

No has tomado esta prueba